Mastering network security

Gorde:
Xehetasun bibliografikoak
Egile nagusia:  Brenton, Chris
Formatua: Sách
Hizkuntza:Undetermined
Argitaratua:  Sybex  2003
Gaiak:
Etiketak: Etiketa erantsi
Etiketarik gabe, Izan zaitez lehena erregistro honi etiketa jartzen!
Thư viện lưu trữ: Trung tâm Thư viện - Trường Đại học Công nghiệp TP. Hồ Chí Minh
LEADER 00452nam a2200157Ia 4500
001 UIH_06526
008 231011s9999 xx 000 0 und d
082 |a  005.8 
100 |a  Brenton, Chris 
245 0 |a  Mastering network security 
245 0 |c  Brenton, Chris 
260 |b  Sybex 
260 |c  2003 
650 |a  Bảo mật;  
927 |a Sách 
980 |a Trung tâm Thư viện - Trường Đại học Công nghiệp TP. Hồ Chí Minh